Jogadores marcadores das últimas 10 finais de UEFA Champions League - Statistics

Estatísticas Gerais
  • Esse quiz foi jogado 751 vezes
    130 desde o último reset
  • A pontuação média é 16 de 21
Estatísticas das Respostas
Ano Contra Time Jogador % Correto
Juventus Real Madrid (2 gols) Cristiano Ronaldo
98%
Inter de Milão Paris Saint-Germain Doué
96%
2024 Borussia Dortmund Real Madrid Vinicius Junior
96%
2022 Liverpool Real Madrid Vinicius Junior
96%
Liverpool Real Madrid (2 gols) Bale
92%
Tottenham Liverpool Salah
91%
2023 Inter de Milão Manchester City Rodri
87%
2018 Liverpool Real Madrid Benzema
85%
Real Madrid Liverpool Mané
85%
2016 Atlético de Madrid Real Madrid Sergio Ramos
83%
2021 Manchester City Chelsea Havertz
78%
2020 PSG Bayern de Munique Coman
77%
Juventus Real Madrid Casemiro
75%
Borussia Dortmund Real Madrid Carvajal
74%
Inter de Milão Paris Saint-Germain Hakimi
72%
Real Madrid Juventus Mandzukic
72%
Inter de Milão Paris Saint-Germain Kvaratskhelia
62%
2019 Tottenham Liverpool Origi
60%
2017 Juventus Real Madrid Asensio
54%
2025 Inter de Milão Paris Saint-Germain Mayulu
48%
Real Madrid Atlético de Madrid Carrasco
29%
Nenhum quiz correspondente encontrado
Distribuição das Pontuações
Porcentagem de Pessoas com Cada Pontuação
Percentil de Números Respondidos
Sua Pontuação Histórica
Você não jogou esse quiz desde o último reset